Lieux de conservation des oeuvres - Concours Ecole du Louvre 2026 - Statistiques

Statistiques générales
  • Ce quiz a été pris 19 fois
  • Le résultat moyen est 10 sur 34
Statistiques - réponses
Oeuvre Lieu % Correct
7- Le Christ et l’abbé Ména Musée du Louvre
90%
15- Mercure - Jean de Bologne Musée du Louvre
90%
8- Bible de Vivien, dite Première Bible de Charles le Chauve BnF
70%
17- Kamseh, Shîrîn à son bain - Nezâmi Ganjavi BnF
70%
1- Sculpture en bas-relief Musée du Quai Branly
60%
29- Masque d’esprit Hudoq Musée du Quai Branly
60%
34- No Belt - Marlène Dumas Fondation Pinault
40%
14- Homme au béret noir portant une paire de gants - Corneille de Lyon Musée des Beaux-Arts de Lyon
40%
21- El Tres de mayo de 1808, en Madrid - Francisco de Goya Musée du Prado
40%
27- Danse Serpentine - Loïe Fuller Centre Georges Pompidou
30%
4- Torque celte Musée d'archéologie nationale
30%
13- La Naissance de Vénus - Botticeli Musée des Offices
30%
26- L’Asperge - Manet Musée d'Orsay
30%
6- Statue équestre de Marc Aurèle Musée du Capitole
30%
31- Jeune Fille en vert - Tamara de Lempicka Musée national d'Art moderne
30%
25- Synagogue de Besançon - Pierre Marnotte In situ Besançon
20%
12- La Danse Macabre In situ La Chaise-Dieu
20%
18- Colonnade dite de Perrault - Claude Perrault In situ Palais du Louvre
20%
9- Abbaye Sainte-Marie de Souillac In situ Souillac
20%
10- Rhinocéros d’or Mapungubwe Museum
20%
3- Fresque de la tombe du plongeur Musée archéologique national de Paestum
20%
19- L’Entrée du Grand Canal, avec Santa Maria della Salute et le canal de la Guidecca, vue de l’extrémité occidentale du Môle - Caneletto Musée de Grenoble
20%
24- Vélocipède à corps ondulé - Pierre et Ernest Michaux Musée des Arts et Métiers
20%
22- Psyché enlevée par les Zéphirs - Mery-Joseph Blondel et Louis Laffite Musée du papier peint
20%
2- Cratère de Vix Musée du Pays Châtillonnais
20%
23- The Yatman cabinet - William Burges Victoria & Albert museum
20%
30- La Grande Pénélope - Bourdelle In situ Montauban
10%
5- Grand Stupa de Sânchî In situ Sânchî
10%
33- Bar aux Autruches - Les Lalannes Manufacture nationale de Sèvres
10%
28- Robe d’intérieur ou Tea-gown - Charles Frederick Worth Musée de la Mode de la Ville de Paris
10%
16- Nature morte aux fromages, amandes et bretzels - Clara Peeters Musée Mauritshuis
10%
20- Marie-Antoinette et ses enfants - Vigée Le Brun Musée national des Châteaux de Versailles et de Trianon
10%
11- Scène de rencontre d’Anne et Joachim à la porte Doré - Giotto Musées civiques de Padoue
10%
32- Maison Louis Carré - Alvar Aalto In situ Bazoches-sur-Guyonne
0%
Aucun quiz correspondant
Distribution des résultats
% des personnes avec chaque résultat
Percentile par nombre de réponses
Votre historique - résultats
Vous n’avez pas pris ce quiz